<?xml version="1.0" encoding="UTF-8"?>
<record
    xmlns:xsi="http://www.w3.org/2001/XMLSchema-instance"
    xsi:schemaLocation="http://www.loc.gov/MARC21/slim http://www.loc.gov/standards/marcxml/schema/MARC21slim.xsd"
    xmlns="http://www.loc.gov/MARC21/slim">

  <leader>04265nam a2200565 i 4500</leader>
  <controlfield tag="001">38292</controlfield>
  <controlfield tag="003">FINmELB</controlfield>
  <controlfield tag="005">20241216221553.0</controlfield>
  <controlfield tag="006">m     o  u        </controlfield>
  <controlfield tag="007">cr cn|||||||||</controlfield>
  <controlfield tag="008">220124s2020    ck ad  frb   s001 0 spa d</controlfield>
  <datafield tag="020" ind1=" " ind2=" ">
    <subfield code="a">9789587942446</subfield>
    <subfield code="q">r&#xFA;stica</subfield>
  </datafield>
  <datafield tag="020" ind1=" " ind2=" ">
    <subfield code="a">9587942442</subfield>
    <subfield code="q">r&#xFA;stica</subfield>
  </datafield>
  <datafield tag="020" ind1=" " ind2=" ">
    <subfield code="a">9789587942453</subfield>
    <subfield code="q">impresi&#xF3;n bajo demanda</subfield>
  </datafield>
  <datafield tag="035" ind1=" " ind2=" ">
    <subfield code="a">(OCoLC)1298602770</subfield>
  </datafield>
  <datafield tag="040" ind1=" " ind2=" ">
    <subfield code="a">FINmELB</subfield>
    <subfield code="b">spa</subfield>
    <subfield code="e">rda</subfield>
    <subfield code="c">FINmELB</subfield>
  </datafield>
  <datafield tag="043" ind1=" " ind2=" ">
    <subfield code="a">s-ck---</subfield>
  </datafield>
  <datafield tag="050" ind1=" " ind2="4">
    <subfield code="a">HD6127</subfield>
    <subfield code="b">.G373 2020</subfield>
  </datafield>
  <datafield tag="082" ind1="0" ind2="4">
    <subfield code="a">331.409861</subfield>
    <subfield code="2">23</subfield>
  </datafield>
  <datafield tag="100" ind1="1" ind2=" ">
    <subfield code="a">Garc&#xED;a Ruiz, Andrea Paola,</subfield>
    <subfield code="d">1984-</subfield>
    <subfield code="e">autor.</subfield>
  </datafield>
  <datafield tag="245" ind1="1" ind2="0">
    <subfield code="a">An&#xE1;lisis pol&#xED;tico del trabajo de las mujeres y la poblaci&#xF3;n adulta mayor :</subfield>
    <subfield code="b">evidencia emp&#xED;rica para Colombia /</subfield>
    <subfield code="c">Andrea Paola Garc&#xED;a Ruiz.</subfield>
  </datafield>
  <datafield tag="250" ind1=" " ind2=" ">
    <subfield code="a">Primera edici&#xF3;n.</subfield>
  </datafield>
  <datafield tag="264" ind1=" " ind2="1">
    <subfield code="a">Bogot&#xE1; :</subfield>
    <subfield code="b">Universidad Nacional de Colombia. Facultad de Derecho. Ciencias Pol&#xED;ticas y Sociales. Vicedecanatura de Investigaci&#xF3;n y Extensi&#xF3;n. Instituto Unidad de Investigaciones Jur&#xED;dico-Sociales Gerardo Molina (UNIJUS),</subfield>
    <subfield code="c">2020.</subfield>
  </datafield>
  <datafield tag="300" ind1=" " ind2=" ">
    <subfield code="a">1 recurso en l&#xED;nea (99 p&#xE1;ginas) :</subfield>
    <subfield code="b">ilustraciones en blanco y negro, diagramas</subfield>
  </datafield>
  <datafield tag="336" ind1=" " ind2=" ">
    <subfield code="a">texto</subfield>
    <subfield code="b">txt</subfield>
    <subfield code="2">rdacontent/spa</subfield>
  </datafield>
  <datafield tag="337" ind1=" " ind2=" ">
    <subfield code="a">computadora</subfield>
    <subfield code="b">c</subfield>
    <subfield code="2">rdamedia/spa</subfield>
  </datafield>
  <datafield tag="338" ind1=" " ind2=" ">
    <subfield code="a">recurso en l&#xED;nea</subfield>
    <subfield code="b">cr</subfield>
    <subfield code="2">rdacarrier/spa</subfield>
  </datafield>
  <datafield tag="490" ind1="1" ind2=" ">
    <subfield code="a">Colecci&#xF3;n Publicaciones de Posgrados de Derecho y Ciencias Pol&#xED;ticas ;</subfield>
    <subfield code="v">15</subfield>
  </datafield>
  <datafield tag="500" ind1=" " ind2=" ">
    <subfield code="a">Incluye perfil acad&#xE9;mico de la autora en solapa anterior.</subfield>
  </datafield>
  <datafield tag="500" ind1=" " ind2=" ">
    <subfield code="a">En cubierta Maestr&#xED;a en Estudios Pol&#xED;ticos Latinoamericanos SNIES 55023.</subfield>
  </datafield>
  <datafield tag="500" ind1=" " ind2=" ">
    <subfield code="a">"Este libro es resultado de una tesis meritoria presentada en 2016 como requisito parcial para optar al t&#xED;tulo de la Maestr&#xED;a en Estudios Pol&#xED;ticos Latinoamericanos de la Facultad de Derecho, Ciencias Pol&#xED;ticas y Sociales de la Universidad Nacional de Colombia - Sede Bogot&#xE1;, cuyo director fue C&#xE9;sar Augusto Giraldo Giraldo, y cuyos jurados fueron C&#xE9;sar Rend&#xFA;eles Men&#xE9;ndez, Ph.D. en Filosof&#xED;a de la Universidad Complutense de Madrid y Ana Isabel Arenas, m&#xE1;ster en Ciencias Econ&#xF3;micas de la Universidad Cat&#xF3;lica de Lovaina".</subfield>
  </datafield>
  <datafield tag="504" ind1=" " ind2=" ">
    <subfield code="a">Incluye referencias bibliogr&#xE1;ficas (p&#xE1;ginas 91-95) e &#xED;ndices anal&#xED;tico y onom&#xE1;stico.</subfield>
  </datafield>
  <datafield tag="505" ind1="0" ind2=" ">
    <subfield code="a">Conceptualizaci&#xF3;n del trabajo con perspectiva de g&#xE9;nero -- Mujeres y poblaci&#xF3;n adulta mayor en el contexto de la crisis de los cuidados -- El trabajo de las mujeres y la poblaci&#xF3;n adulta mayor: evidencia emp&#xED;rica para Colombia (2018).</subfield>
  </datafield>
  <datafield tag="520" ind1=" " ind2=" ">
    <subfield code="a">Latinoam&#xE9;rica se aproxima a la crisis de los cuidados, en la cual la disposici&#xF3;n de tiempo de cuidado no remunerado, suministrado principalmente por mujeres, muestra una tendencia a la reducci&#xF3;n y el tiempo de cuidado requerido por la sociedad tiende a aumentar. En este escenario, la poblaci&#xF3;n adulta mayor es la m&#xE1;s carente de pol&#xED;ticas p&#xFA;blicas para la protecci&#xF3;n de sus derechos y la que experimenta el mayor d&#xE9;ficit de cuidado. Con los aportes de la econom&#xED;a feminista y partiendo de las categor&#xED;as de an&#xE1;lisis macroecon&#xF3;mico de producci&#xF3;n y trabajo propuestas por Jacques Gouverneur, esta investigaci&#xF3;n aporta evidencia emp&#xED;rica para Colombia sobre las relaciones sociales de trabajo de estos dos grupos poblacionales, con el fi n de visibilizar la producci&#xF3;n y el trabajo orientados a la satisfacci&#xF3;n de necesidades humanas, m&#xE1;s all&#xE1; de la esfera del mercado.</subfield>
  </datafield>
  <datafield tag="500" ind1=" " ind2=" ">
    <subfield code="a">En cubierta Maestr&#xED;a en Pol&#xED;ticas P&#xFA;blicas, SNIES 55022.</subfield>
  </datafield>
  <datafield tag="588" ind1=" " ind2=" ">
    <subfield code="a">Descripci&#xF3;n basada en metadatos suministrados por el editor y otras fuentes.</subfield>
  </datafield>
  <datafield tag="590" ind1=" " ind2=" ">
    <subfield code="a">Recurso electr&#xF3;nico. Santa Fe, Arg.: elibro, 2022. Disponible v&#xED;a World Wide Web. El acceso puede estar limitado para las bibliotecas afiliadas a elibro.</subfield>
  </datafield>
  <datafield tag="650" ind1=" " ind2="4">
    <subfield code="a">Econom&#xED;a feminista</subfield>
    <subfield code="z">Colombia.</subfield>
  </datafield>
  <datafield tag="650" ind1=" " ind2="0">
    <subfield code="a">Older women</subfield>
    <subfield code="x">Employment.</subfield>
  </datafield>
  <datafield tag="650" ind1=" " ind2="0">
    <subfield code="a">Women</subfield>
    <subfield code="x">Employment</subfield>
    <subfield code="z">Colombia.</subfield>
  </datafield>
  <datafield tag="650" ind1=" " ind2="4">
    <subfield code="a">Mujeres</subfield>
    <subfield code="x">Trabajo</subfield>
    <subfield code="z">Colombia</subfield>
    <subfield code="y">2018.</subfield>
  </datafield>
  <datafield tag="650" ind1=" " ind2="4">
    <subfield code="a">Ancianos</subfield>
    <subfield code="x">Trabajo</subfield>
    <subfield code="z">Colombia</subfield>
    <subfield code="y">2018.</subfield>
  </datafield>
  <datafield tag="650" ind1=" " ind2="4">
    <subfield code="a">Mercado de trabajo.</subfield>
  </datafield>
  <datafield tag="650" ind1=" " ind2="4">
    <subfield code="a">Discriminaci&#xF3;n en el trabajo.</subfield>
  </datafield>
  <datafield tag="650" ind1=" " ind2="4">
    <subfield code="a">Estudio de caso.</subfield>
  </datafield>
  <datafield tag="655" ind1=" " ind2="4">
    <subfield code="a">Libros electr&#xF3;nicos.</subfield>
  </datafield>
  <datafield tag="797" ind1="2" ind2=" ">
    <subfield code="a">elibro, Corp.</subfield>
  </datafield>
  <datafield tag="830" ind1=" " ind2="0">
    <subfield code="a">Publicaciones de Posgrados de Derecho y Ciencias Pol&#xED;ticas ;</subfield>
    <subfield code="v">15.</subfield>
  </datafield>
  <datafield tag="856" ind1="4" ind2="0">
    <subfield code="u">https://elibro.net/ereader/politecnicointernacional/189637</subfield>
  </datafield>
  <datafield tag="999" ind1=" " ind2=" ">
    <subfield code="c">38292</subfield>
    <subfield code="d">38292</subfield>
  </datafield>
</record>
